| 000 | 00569nam a22001817a 4500 | ||
|---|---|---|---|
| 999 |
_c19667 _d19667 |
||
| 005 | 20180803170409.0 | ||
| 008 | 170616b xxu||||| |||| 00| 0 spa d | ||
| 040 |
_aCO-BoIAVH _cCO-BoIAVH |
||
| 041 | _aspa | ||
| 044 | _ack | ||
| 090 |
_aFG- _b0200 |
||
| 245 | 0 | 0 |
_aMonitoreo de la calidad del agua con macroinvertebrados de la zona andina colombiana: _bguía de campo |
| 260 |
_aBogotá: _bColciencias, _c. |
||
| 300 |
_aplegable _bfotografías a color _c17 x 23 cm |
||
| 650 | 0 | _aCalidad del agua | |
| 650 | 0 | _aMacroinvertebrados | |
| 942 |
_2z _cFolleto |
||